|
|
|
|
| LEADER |
00000nam a2200000 a 4500 |
| 001 |
vtls009185684 |
| 003 |
SK-MaSNL |
| 005 |
20260302005608.0 |
| 008 |
150827s2007 xo a rb 000 0bslo |
| 015 |
|
|
|a SNBSAB2007-00071
|
| 035 |
|
|
|a 9FA512DD-A4DC-4D78-8580-690C87F39C33
|
| 035 |
|
|
|a urn:nbn:sk:snk-amjesr
|
| 035 |
|
|
|a urn:nbn:sk:snk-am003ehe
|
| 040 |
|
|
|a SNK
|b slo
|c SNK
|e AACR2
|
| 041 |
0 |
|
|a slo
|
| 044 |
|
|
|a xo
|c SK
|
| 072 |
|
7 |
|a 01
|x Bibliografia. Katalógy
|2 konspekt
|
| 080 |
|
|
|a 929:37-051:159.9-051(041)
|2 2001
|
| 080 |
|
|
|a 929 Čečetka, Juraj
|2 2001
|
| 080 |
|
|
|a 37-051
|2 2001
|
| 080 |
|
|
|a 159.9-051
|2 2001
|
| 245 |
0 |
0 |
|a Juraj Čečetka 23.4.1907-24.6.1983
|
| 250 |
|
|
|a [1. vyd.]
|
| 260 |
|
|
|a Lučenec
|b Novohradská knižnica
|c 2007
|
| 300 |
|
|
|a 4 s.
|c 21 x 15 cm
|
| 504 |
|
|
|a Usporiadanie temat. 15 zázn. o čl. a kn.
|
| 600 |
1 |
7 |
|a Čečetka, Juraj,
|d 1907-1983
|2 SNKMA
|9 38387
|
| 655 |
|
7 |
|a bibliografické letáky
|2 SNKPH
|9 74589
|
| 655 |
|
7 |
|a biografické údaje
|2 SNKPH
|9 289197
|
| 710 |
2 |
|
|a Novohradská knižnica (Lučenec, Slovensko)
|4 pbl
|9 33811
|
| 958 |
|
|
|a BX
|
| 958 |
|
|
|a PB
|
| 999 |
|
|
|c 1000039
|d 1001969
|
| 952 |
|
|
|a SNK
|b SNK
|y PREZ
|7 0
|p 17A0580367
|o snkOSC 24207
|i snk2008/4334
|8 0
|0 0
|1 0
|4 0
|d 2008-02-19
|f 1
|l 0
|r 2026-02-24 12:16:44
|w 2026-02-24
|